Il Golem : l'interruzione /
Guardat en:
| Autor principal: | |
|---|---|
| Format: | Llibre |
| Idioma: | italià |
| Publicat: |
[Taranto] :
Fallone,
2022
|
| Col·lecció: | Il fiore del deserto ;
8 |
| Etiquetes: |
Sense etiquetes, Sigues el primer a etiquetar aquest registre!
|
MARC
| LEADER | 00000nam a22000007i 4500 | ||
|---|---|---|---|
| 001 | IT\ICCU\BA1\0164530 | ||
| 003 | ItRI | ||
| 005 | 20260315175009.0 | ||
| 008 | 230728s2022 it |||||| ||||| |||||c | ||
| 020 | |a 9788885535374 | ||
| 040 | |b ita |c Centro di documentazione Omologie (CIG Arcigay Milano) | ||
| 041 | 7 | |a ita |2 ISO-639-2 | |
| 100 | 1 | |a Scialpi, June |0 IT\ICCU\BA1V\027839 |4 aut | |
| 240 | 1 | 3 | |a Il Golem |9 Scialpi, June |
| 245 | 1 | 3 | |a Il Golem : |b l'interruzione / |c June Scialpi. |
| 260 | |a [Taranto] : |b Fallone, |c 2022 | ||
| 300 | |a III, 92 p. ; |c 22 cm | ||
| 830 | 3 | |a Il fiore del deserto ; |v 8 |0 IT\ICCU\TA1\0003546 | |
| 942 | |2 ddc |c BK |n 0 | ||
| 952 | |0 0 |1 0 |2 ddc |4 0 |6 851_000000000000000_SCI_GOL |7 0 |9 33287 |a MI |b MI |d 2026-03-15 |l 0 |o 851 SCI GOL |p 11813 |r 2026-03-15 17:54:40 |w 2026-03-15 |y BK | ||
| 981 | 1 | |6 z01 |a i |b xxxe | |
| 982 | 1 | |6 z01 |a n | |
| 999 | |c 28915 |d 28915 | ||